Applied Discrete Structures for Computer Science (Record no. 541634)

000 -LEADER
fixed length control field 00381nam a22001217a 4500
082 ## - DEWEY DECIMAL CLASSIFICATION NUMBER
Classification number 005.113
Author Mark DOE
-- L-2, P-145
245 ## - TITLE STATEMENT
Title Applied Discrete Structures for Computer Science
Statement of responsibility, etc. Doerr, Alan
260 ## - PUBLICATION, DISTRIBUTION, ETC.
Place of publication, distribution, etc. New Delhi
Name of publisher, distributor, etc. Galgotia Publicatios Pvt Ltd
Date of publication, distribution, etc. 1989
300 ## - PHYSICAL DESCRIPTION
Extent xv, 523 p. :
Other physical details ill. ;
Dimensions 22 cm.
526 ## - STUDY PROGRAM INFORMATION NOTE
Program name 0
Interest level 0
Reading level 0
Title point value 005_113000000000000_DOE
650 ## - SUBJECT ADDED ENTRY--TOPICAL TERM
Topical term or geographic name entry element MCE
9 (RLIN) 379
942 ## - ADDED ENTRY ELEMENTS (KOHA)
Source of classification or shelving scheme
Koha item type Book
Holdings
Withdrawn status Lost status Source of classification or shelving scheme Damaged status Not for loan Permanent Location Current Location Date acquired Total Checkouts Full call number Barcode Date last seen Copy number Price effective from Koha item type
          Military College of Engineering (MCE) Military College of Engineering (MCE) 08/20/2013   005.113 DOE MCE-25618 08/20/2013 1 08/20/2013 Book
© 2023 Central Library, National University of Sciences and Technology. All Rights Reserved.